<?xml version="1.0" encoding="UTF-8"?>
<collection xmlns:xsi="http://www.w3.org/2001/XMLSchema-instance" xsi:schemaLocation="http://www.loc.gov/MARC21/slim http://www.loc.gov/standards/marcxml/schema/MARC21slim.xsd" xmlns="http://www.loc.gov/MARC21/slim">
 <record>
  <leader>00000cmm a22000007i 4500</leader>
  <controlfield tag="001">UP-99796217611507733</controlfield>
  <controlfield tag="003">Buklod</controlfield>
  <controlfield tag="005">20150127140544.0</controlfield>
  <controlfield tag="006">m     o  u        </controlfield>
  <controlfield tag="007">cr |||||||||||</controlfield>
  <controlfield tag="008">130522s2013    enk        u        eng d</controlfield>
  <datafield tag="020" ind1=" " ind2=" ">
   <subfield code="a">978-0-08-097037-0</subfield>
  </datafield>
  <datafield tag="035" ind1=" " ind2=" ">
   <subfield code="a">(iLib)UPD-00239906158</subfield>
  </datafield>
  <datafield tag="040" ind1=" " ind2=" ">
   <subfield code="a">DLC</subfield>
   <subfield code="d">DML</subfield>
   <subfield code="e">rda</subfield>
  </datafield>
  <datafield tag="041" ind1="0" ind2=" ">
   <subfield code="a">eng</subfield>
  </datafield>
  <datafield tag="084" ind1=" " ind2=" ">
   <subfield code="a">QP 519.9.I42</subfield>
   <subfield code="b">I4357 2013</subfield>
  </datafield>
  <datafield tag="245" ind1="0" ind2="4">
   <subfield code="a">The immunoassay handbook</subfield>
   <subfield code="b">theory and applications of ligand binding, ELISA, and related techniques</subfield>
   <subfield code="c">edited by David Wild ; associate editors, Rhys John  [and three others].</subfield>
  </datafield>
  <datafield tag="250" ind1=" " ind2=" ">
   <subfield code="a">4th ed.</subfield>
  </datafield>
  <datafield tag="264" ind1=" " ind2="1">
   <subfield code="a">Oxford</subfield>
   <subfield code="b">Elsevier</subfield>
   <subfield code="c">2013.</subfield>
  </datafield>
  <datafield tag="300" ind1=" " ind2=" ">
   <subfield code="a">xxi, 1013 pages</subfield>
   <subfield code="b">illustration</subfield>
  </datafield>
  <datafield tag="336" ind1=" " ind2=" ">
   <subfield code="a">text</subfield>
   <subfield code="2">rdacontent</subfield>
  </datafield>
  <datafield tag="337" ind1=" " ind2=" ">
   <subfield code="a">unmediated</subfield>
   <subfield code="2">rdamedia</subfield>
  </datafield>
  <datafield tag="338" ind1=" " ind2=" ">
   <subfield code="a">volume</subfield>
   <subfield code="2">rdacarrier</subfield>
  </datafield>
  <datafield tag="500" ind1=" " ind2=" ">
   <subfield code="a">Previous ed.: Amsterdam; London: Elsevier, 2005.</subfield>
  </datafield>
  <datafield tag="505" ind1="0" ind2=" ">
   <subfield code="a">How to use this book / David Wild -- Immunoassay for beginners / David Wild -- Immunoassay performance measures / Chris Davies -- Principles of competitive and immunometric assays (including ELISA) / Chris Davies -- Non-competitive immunoassays for small molecules : the anti-complex and selective antibody systems / Colin H. Self ... [et al.] -- Homogeneous immunoassays / Edwin F. Ullman -- Lateral flow immunoassay systems : evolution from the current state of the art to the next generation of highly sensitive, quantitative rapid assays / Brendan O'Farrell -- Ambient analyte assay / Roger Ekins -- Free analyte immunoassay / Nic D. Christofides -- Qualitative immunoassay : features and design / Jianwen He, Simon Parker -- Detection of antibodies relevant to infectious disease / Steven Binder, Jennifer A. Isler -- Microsphere-based multiplex immunoassays : development and applications using Luminex® Xmap® technology / Sherry A. Dunbar, Michaela R. Hoffmeyer -- Lab-on-a-chip, micro- and nanoscale immunoassay systems, and microarrays / Simon Rattle ... [et al.] -- Immunological biosensors / Jason Reed, James K. Gimzewski -- Surface plasmon resonance in binding site, kinetic, and concentration analyses / Robert Karlsson -- Measurement of single protein molecules using digital ELISA / David M. Rissin, David H. Wilson, David C. Duffy -- Antibodies / Eryl Liddell -- Signal generation and detection system (excluding homogeneous assays) / Ian Weeks, Larry J. Kricka, David Wild -- Separation systems / David Wild, Wlad Kusnezow -- Conjugation methods / Alastair H. Dent -- Standardization and calibration / David Wild, Chris Sheehan -- Calibration curve fitting / John Dunn, David Wild -- The foundations of immunochemistry / Robert F. Ritchie -- Immunohistochemistry and immunocytochemistry / Simon Renshaw -- Practical guide to ELISA development / Jianwen He -- Method evaluation : a practical guide / Chris Sheehan, Jianwen He, Mari Smith -- Interferences in immunoassay / Jason Y. Park, Larry J. Kricka -- Immunoassay development in the in vitro diagnostic industry / Doug Brandt, Steve Figard -- Sample collection, including participant preparation and sample handling / Colin Wilde ... [et al.] -- Quality assurance / Catharine M. Sturgeon -- Point-of-care testing / James H. Nichols -- Choosing an automated immunoassay system / Lori J. Sokoll -- Immunoassay troubleshooting guide / David Wild, Jianwen He -- Introduction to immunoassay product technology in clinical diagnostic testing / David Wild, Chris Sheehan, Steve Binder -- Market trends / David Huckle -- Lateral flow and consumer diagnostics / Sarah Tiplady -- Consumer diagnostics : Clearblue pregnancy and fertility testing / Sarah Tiplady -- The Triage® system / Thomas I. Koshy, Kenneth F. Buechler -- Stratus® CS Acute Care[TM] STAT fluorometric analyzer / Amy Sarli, W.N. McLellan -- IMX® / Kent Ford -- AXSYM® / Theresa Donahoe -- Abbott Architect® family of analyzers / Frank A. Quinn, David A. Armbruster -- Advia Centaur® XP / Jean Metzar -- Immulite® and Immulite 1000 / Arthur L. Babson -- VITROS® ECiQ Immunodiagnostic System, VITROS® 3600 Immunodiagnostic System, and VITROS® 5600 Integrated System / John W. Backus, David Wild -- VITROS® Immuno-Rate and Microtip[TM] assays / John W. Backus, Susan J. Danielson, David A. Hilborn -- Access 2 / Katherine M. Leith -- DXI 600 and DXI 800 / Katherine M. Leith -- Elecsys® immunoassay systems / Mary Beth Myers -- PRISM[TM] / Dinesh Shah, Jim Stewart -- Phadia Laboratory Systems / Angela Gore, Gareth Evans, Mats Rilvën -- Immunoassay applications in veterinary diagnostics / Thomas P. O'Connor, Jr. ... [et al.] -- Ligand binding assays in drug development / Jeffrey M. Sailstad ... [et al.] -- Clinical concepts / Chris Davies -- Thyroid / Rhys John ... [et al.] -- The adrenal cortex / Les Perry, Sami Medbak -- Bone and calcium metabolism / William D. Fraser, Kay W. Colston, John C. Stevenson -- Infertility / Michael J. Wheeler -- In vitro fertilization and embryo transfer (IVF-ET) / Richard Fleming, Sherry Faye -- Hirsutism and virilization in the female / Michael J. Wheeler -- Pregnancy / Kevin Spencer, Tim Chard -- Growth and growth hormone deficiency / Gill Rumsby ... [et al.] -- Diabetes mellitus / Penny Clark, Tim McDonald -- Hematology / Katy Evans ... [et al.] -- Cardiac markers / Deborah French, Alan H.B. Wu -- Cancer markers / Hoon H. Sunwoo, Mavanur R. Suresh -- Allergy / Marcos Alcocer, Lars Yman -- Autoimmune disease / David F. Keren -- Gastrointestinal tract / Arne Reseth ... [et al.] -- Hepatitis / Ravi Kaul -- HIV-1 and HIV-2 : causative agents of AIDS / Catherine A. Brennan, Sushil G. Devare -- Viral diseases / Carey-Ann D. Burnham, Christopher Doern, Steven R. Binder -- Bacterial diseases / Carey-Ann D. Burnham, Christopher Doern, Steven R. Binder -- Parasites and fungi / STeven R. Binder, Patrice D. Sarfati -- Therapeutic drug monitoring (TDM) / Philip A. Routledge, Alun D. Hutchings -- Drugs of abuse / Alun D. Hutchings, Brian Widdop.</subfield>
  </datafield>
  <datafield tag="506" ind1=" " ind2=" ">
   <subfield code="a">IP based subscription</subfield>
   <subfield code="c">Access via Electronic Resources of the UPD University Library Website.</subfield>
  </datafield>
  <datafield tag="650" ind1=" " ind2="0">
   <subfield code="a">Immunsay</subfield>
   <subfield code="v">Handbooks, manuals, etc.</subfield>
  </datafield>
  <datafield tag="650" ind1=" " ind2="0">
   <subfield code="a">Immunsay</subfield>
   <subfield code="x">methods.</subfield>
  </datafield>
  <datafield tag="650" ind1=" " ind2="0">
   <subfield code="a">Immunsay</subfield>
   <subfield code="x">standards.</subfield>
  </datafield>
  <datafield tag="650" ind1=" " ind2="0">
   <subfield code="a">FO.</subfield>
  </datafield>
  <datafield tag="700" ind1="1" ind2=" ">
   <subfield code="a">Wild, David</subfield>
   <subfield code="e">editor.</subfield>
  </datafield>
  <datafield tag="856" ind1="4" ind2="0">
   <subfield code="z">Available for University of the Philippines Diliman via Sciencedirect. Click here to access</subfield>
   <subfield code="u">http://www.sciencedirect.com/science/book/9780080970370</subfield>
  </datafield>
  <datafield tag="905" ind1=" " ind2=" ">
   <subfield code="a">FO</subfield>
  </datafield>
  <datafield tag="905" ind1=" " ind2=" ">
   <subfield code="a">FO</subfield>
  </datafield>
  <datafield tag="852" ind1="0" ind2=" ">
   <subfield code="a">UPD</subfield>
   <subfield code="b">DSCI</subfield>
  </datafield>
  <datafield tag="942" ind1=" " ind2=" ">
   <subfield code="a">Electronic Resource</subfield>
  </datafield>
 </record>
</collection>
